00731nam a2200241 a 4500001001300000003000900013005001700022008004100039020002300080082001600103100002000119245004400139260004400183300000900227500003500236505003000271650001900301700002000320902000800340942000700348952011700355999001700472nice12345678IN_TiNIC20260116014607.0050524s2004 lona grp 000 0 eng  a0190916 c64500a324.24bRUT aRuthven, Malise aFundamentalismb the Search for Meaning aLondan bOxford University Press c2004 a246p aincludes index and biblioraphy2 aGlossary, Appendix, Index aFundamentalism1 aRuthven, Malise bSRS cBK 001040708StackRoom-aHMIbHMId2007-04-10g645.00l0o324.24 RUTp020951r2007-04-10v645.00w2005-05-24yBK c16133d16133